<?xml version="1.0" encoding="UTF-8"?><?xml-stylesheet type="text/xsl" href="static/style.xsl"?><OAI-PMH xmlns="http://www.openarchives.org/OAI/2.0/" xmlns:xsi="http://www.w3.org/2001/XMLSchema-instance" xsi:schemaLocation="http://www.openarchives.org/OAI/2.0/ http://www.openarchives.org/OAI/2.0/OAI-PMH.xsd"><responseDate>2026-04-14T19:23:58Z</responseDate><request verb="GetRecord" identifier="oai:uvadoc.uva.es:10324/653" metadataPrefix="marc">https://uvadoc.uva.es/oai/request</request><GetRecord><record><header><identifier>oai:uvadoc.uva.es:10324/653</identifier><datestamp>2021-06-22T04:15:43Z</datestamp><setSpec>com_10324_150</setSpec><setSpec>col_10324_151</setSpec></header><metadata><record xmlns="http://www.loc.gov/MARC21/slim" xmlns:doc="http://www.lyncode.com/xoai" xmlns:xsi="http://www.w3.org/2001/XMLSchema-instance" xmlns:dcterms="http://purl.org/dc/terms/" xsi:schemaLocation="http://www.loc.gov/MARC21/slim http://www.loc.gov/standards/marcxml/schema/MARC21slim.xsd">
<leader>00925njm 22002777a 4500</leader>
<datafield tag="042" ind1=" " ind2=" ">
<subfield code="a">dc</subfield>
</datafield>
<datafield tag="720" ind1=" " ind2=" ">
<subfield code="a">Roda, Ignacio Ramón de</subfield>
<subfield code="e">author</subfield>
</datafield>
<datafield tag="720" ind1=" " ind2=" ">
<subfield code="a">Colegio de Santa Cruz (Valladolid)</subfield>
<subfield code="e">author</subfield>
</datafield>
<datafield tag="260" ind1=" " ind2=" ">
<subfield code="c">1786</subfield>
</datafield>
<datafield tag="024" ind2=" " ind1="8">
<subfield code="a">Alonso-Cortés, 495</subfield>
</datafield>
<datafield tag="024" ind2=" " ind1="8">
<subfield code="a">http://uvadoc.uva.es/handle/10324/653</subfield>
</datafield>
<datafield tag="024" ind2=" " ind1="8">
<subfield code="a">U/Bc Ms 495</subfield>
</datafield>
<datafield ind1=" " ind2=" " tag="653">
<subfield code="a">Universidad de Valladolid. Biblioteca de Santa Cruz - Catálogos</subfield>
</datafield>
<datafield ind1=" " ind2=" " tag="653">
<subfield code="a">Libros antiguos - Siglo XVIII - Índices</subfield>
</datafield>
<datafield ind1=" " ind2=" " tag="653">
<subfield code="a">Patrística - Bibliografía - Catálogos</subfield>
</datafield>
<datafield tag="245" ind1="0" ind2="0">
<subfield code="a">Bibliotheca del Colegio Mayor de Santa Cruz. Indice de los Santos Padres y Autores Antiguos Eclesiasticos, que formo el Dr. Don Ygnacio Ramon de Roda, Colegial del mismo, año 1784. To escribio Marcos Aragon, año 1786</subfield>
</datafield>
</record></metadata></record></GetRecord></OAI-PMH>